Tattoo my Body with ... Movies Quiz Stats

 Plays Quiz Updated Mar 22, 2016

Score 0/25 Timer 06:00
4 Plays Today
% Correct
Star Wars
99.1%
Jaws
97.2%
Spiderman
97%
Avatar
96%
Transformers
95.6%
Twilight
92.7%
Edward Scissorhands
91.2%
Finding Nemo
88.8%
Pulp Fiction
88.3%
Alien
87.4%
Harry Potter
86.6%
Willy Wonka & the Chocolate Factory
86.5%
The Nightmare Before Christmas
84.3%
% Correct
The Shining
84%
Gremlins
82.2%
Karate Kid
80.8%
Saw
75.5%
A Clockwork Orange
68.8%
Neverending Story
63.2%
Donnie Darko
61.4%
Full Metal Jacket
58.2%
Taxi Driver
57.4%
Hellraiser
50.3%
Goodfellas
45.6%
Pee Wee's Big Adventure
25.7%

You're not logged in!

Compare scores with friends on all Sporcle quizzes.
Join for Free
OR
Log In

You Might Also Like...

Show Comments

Extras

Top Quizzes Today


Score Distribution

Your Account Isn't Verified!

In order to create a playlist on Sporcle, you need to verify the email address you used during registration. Go to your Sporcle Settings to finish the process.

Report this User

Report this user for behavior that violates our Community Guidelines.

Details: